Football Teams Rafinha Played For - Statistics

General Stats
  • This quiz has been taken 17 times
  • The average score is 5 of 8
Answer Stats
League Years Team % Correct
Germany 2011-2019 FC Bayern München
91%
Germany 2005-2010 FC Schalke 04
82%
Greece 2020-2021 Olympiacos FC
73%
Brazil 2019-2020 CR Flamengo
64%
Brazil 2002-2005 Coritiba FC
55%
Italy 2010-2011 Genoa CFC
55%
Brazil 2022- São Paulo FC
55%
Brazil 2021-2022 Grêmio FBPA
45%
No matching quizzes found
Score Distribution
Percent of People with Each Score
Percentile by Number Answered
Your Score History
You have not taken this quiz